Online
Catalog

XIV Consenso Clínico SIBEN : (Record no. 58533)

MARC details
000 -CABECERA
campo de control de longitud fija 02324nam a2200421 i 4500
003 - IDENTIFICADOR DEL NÚMERO DE CONTROL
campo de control DO-SdBNP
005 - FECHA Y HORA DE LA ÚLTIMA TRANSACCIÓN
campo de control 20250602150159.0
007 - CAMPO FIJO DE DESCRIPCIÓN FÍSICA--INFORMACIÓN GENERAL
campo de control de longitud fija ta
008 - DATOS DE LONGITUD FIJA--INFORMACIÓN GENERAL
campo de control de longitud fija 250602b2024 dr o|||| |||| 00| 0 spa d
020 ## - NÚMERO INTERNACIONAL ESTÁNDAR DEL LIBRO
Número Internacional Estándar del Libro 9798350732405
040 ## - FUENTE DE LA CATALOGACIÓN
Centro catalogador/agencia de origen DO-SdBNP
Lengua de catalogación spa
Centro/agencia transcriptor BNPHU
Normas de descripción rda
082 ## - NÚMERO DE LA CLASIFICACIÓN DECIMAL DEWEY
Número de clasificación 618.9201
Número de documento/Ítem G627d 2024
Número de edición 22
100 1# - ENTRADA PRINCIPAL--NOMBRE DE PERSONA
Nombre de persona Golombek, Sergio
Término indicativo de función/relación autor
Código de función/relación aut.
9 (RLIN) 87954
245 04 - MENCIÓN DE TÍTULO
Título XIV Consenso Clínico SIBEN :
Resto del título "cuidados transdisciplinarios y humanizados para el recién nacido y su familia" /
Mención de responsabilidad, etc. Sergio Golombek, Lourdes Lemus Varela, Carmen Dávila Aliaga, Jorge Pleitez Navarrete ; expertos de opinión, Augusto Sola
250 ## - MENCIÓN DE EDICIÓN
Mención de edición Primera edición
264 ## - PRODUCCIÓN, PUBLICACIÓN, DISTRIBUCIÓN, FABRICACIÓN Y COPYRIGHT
Producción, publicación, distribución, fabricación y copyright [Lugar no identificado] :
Nombre del de productor, editor, distribuidor, fabricante Edición EDISIBEN,
Fecha de producción, publicación, distribución, fabricación o copyright 2024.
300 ## - DESCRIPCIÓN FÍSICA
Extensión 91 páginas :
Otras características físicas fotografías
Dimensiones 28 cm.
336 ## - TIPO DE CONTENIDO
Término de tipo de contenido texto
Código de tipo de contenido txt
Fuente rdacontent
337 ## - TIPO DE MEDIO
Nombre/término del tipo de medio sin mediación
Código del tipo de medio n
Fuente rdamedia
338 ## - TIPO DE SOPORTE
Nombre/término del tipo de soporte volumen
Código del tipo de soporte nc
Fuente rdacarrier
504 ## - NOTA DE BIBLIOGRAFÍA, ETC.
Nota de bibliografía, etc. Bibliografía p: 14-16.
504 ## - NOTA DE BIBLIOGRAFÍA, ETC.
Nota de bibliografía, etc. Bibliografía p: 22-24.
504 ## - NOTA DE BIBLIOGRAFÍA, ETC.
Nota de bibliografía, etc. Bibliografía p: 36-40.
504 ## - NOTA DE BIBLIOGRAFÍA, ETC.
Nota de bibliografía, etc. Bibliografía p: 53-57.
504 ## - NOTA DE BIBLIOGRAFÍA, ETC.
Nota de bibliografía, etc. Bibliografía p: 76-82.
504 ## - NOTA DE BIBLIOGRAFÍA, ETC.
Nota de bibliografía, etc. Bibliografía p: 86-89.
505 ## - NOTA DE CONTENIDO CON FORMATO
Título Introducción, historia y definición de los cuidados transdisciplinarios y humanizados para el recién nacido y su familia, --
-- Cambios, beneficios y herramientas para poder realizar los cuidados transdisciplinarios y humanizados para el recién nacido y su familia, --
-- Los profesionales de salud y la familia, --
-- Infraestructura para la realización de los cuidados transdisciplinarios y humanizados para el recién nacido y su familia, --
-- Cuidados transdisciplinarios y humanizados para el recién nacido y su familia en la Unidad de Cuidados Intensivos (UCIN), --
-- Acciones claves para que existan cuidados transdisciplinarios y humanizados para el recién nacido y su familia, /
590 ## - NOTA LOCAL (RLIN)
Nota local Inventariado, 2025/ YL
650 ## - PUNTO DE ACCESO ADICIONAL DE MATERIA--TÉRMINO DE MATERIA
Término de materia o nombre geográfico como elemento de entrada Medicina
Subdivisión de forma Congresos, conferencias, etc...
9 (RLIN) 87955
650 ## - PUNTO DE ACCESO ADICIONAL DE MATERIA--TÉRMINO DE MATERIA
Término de materia o nombre geográfico como elemento de entrada Neonatología
Subdivisión de forma Congresos, conferencias, etc...
9 (RLIN) 87956
650 ## - PUNTO DE ACCESO ADICIONAL DE MATERIA--TÉRMINO DE MATERIA
Término de materia o nombre geográfico como elemento de entrada Pediatría neonatal
9 (RLIN) 87957
700 1# - PUNTO DE ACCESO ADICIONAL--NOMBRE DE PERSONA
Nombre de persona Lemus Varela, Lourdes
Término indicativo de función/relación autora
Código de función/relación aut.
9 (RLIN) 87958
700 1# - PUNTO DE ACCESO ADICIONAL--NOMBRE DE PERSONA
Nombre de persona Dávila Aliaga, Carmen
Término indicativo de función/relación autora
Código de función/relación aut.
9 (RLIN) 87959
700 1# - PUNTO DE ACCESO ADICIONAL--NOMBRE DE PERSONA
Nombre de persona Pleitez Navarrete, Jorge
Término indicativo de función/relación autor
Código de función/relación aut.
9 (RLIN) 87960
700 1# - PUNTO DE ACCESO ADICIONAL--NOMBRE DE PERSONA
Nombre de persona Sola, Augusto
Término indicativo de función/relación comentarios
Código de función/relación com.
9 (RLIN) 87911
910 ## - DATOS DE OPCIÓN DEL USUARIO (OCLC)
Datos de opción del usuario YLockward
942 ## - ELEMENTOS DE PUNTO DE ACCESO ADICIONAL (KOHA)
Fuente del sistema de clasificación o colocación Dewey Decimal Classification
Tipo de ítem Koha Libro
Holdings
Estado de retiro Estado de pérdida Fuente del sistema de clasificación o colocación Restricciones de uso No para préstamo Código de colección Localización permanente Ubicación/localización actual Ubicación en estantería Fecha de adquisición Fuente de adquisición Total de préstamos Signatura topográfica completa Código de barras Fecha visto por última vez Precio válido a partir de Tipo de ítem Koha Número de copia
    Dewey Decimal Classification Excluido de préstamo   Patrimonio Dominicano Biblioteca Nacional Pedro Henríquez Ureña Biblioteca Nacional Pedro Henríquez Ureña En catalogación 05.02.2025 Depósito Legal   BNPHU PD 618.9201 G627d 2024 2025-2284 31.03.2025 31.03.2025 Libro  
    Dewey Decimal Classification Excluido de préstamo   Patrimonio Dominicano Biblioteca Nacional Pedro Henríquez Ureña Biblioteca Nacional Pedro Henríquez Ureña En catalogación 05.02.2025 Depósito Legal   BNPHU PD 618.9201 G627d 2024 2025-2285 31.03.2025 31.03.2025 Libro e.2
    Dewey Decimal Classification Préstamo en sala   Dominicana de Servicio Biblioteca Nacional Pedro Henríquez Ureña Biblioteca Nacional Pedro Henríquez Ureña En catalogación 05.02.2025 Depósito Legal   BNPHU DS 618.9201 G627d 2024 2025-2286 31.03.2025 31.03.2025 Libro e.3

Powered by Koha